Filming, Researching, Annotating : Research Video Handbook.

Bibliographic Details
Main Author: Lösel, Gunter.
Other Authors: Zimper, Martin.
Format: eBook
Language:English
Published: Basel/Berlin/Boston : Walter de Gruyter GmbH, 2021.
Edition:1st ed.
Subjects:
Online Access:Click to View
LEADER 01456nam a22003613i 4500
001 EBC7015157
003 MiAaPQ
005 20231204023225.0
006 m o d |
007 cr cnu||||||||
008 231204s2021 xx o ||||0 eng d
020 |a 9783035623079  |q (electronic bk.) 
035 |a (MiAaPQ)EBC7015157 
035 |a (Au-PeEL)EBL7015157 
035 |a (OCoLC)1266290375 
040 |a MiAaPQ  |b eng  |e rda  |e pn  |c MiAaPQ  |d MiAaPQ 
082 0 |a 006.75 
100 1 |a Lösel, Gunter. 
245 1 0 |a Filming, Researching, Annotating :  |b Research Video Handbook. 
250 |a 1st ed. 
264 1 |a Basel/Berlin/Boston :  |b Walter de Gruyter GmbH,  |c 2021. 
264 4 |c {copy}2021. 
300 |a 1 online resource (168 pages) 
336 |a text  |b txt  |2 rdacontent 
337 |a computer  |b c  |2 rdamedia 
338 |a online resource  |b cr  |2 rdacarrier 
588 |a Description based on publisher supplied metadata and other sources. 
590 |a Electronic reproduction. Ann Arbor, Michigan : ProQuest Ebook Central, 2023. Available via World Wide Web. Access may be limited to ProQuest Ebook Central affiliated libraries.  
655 4 |a Electronic books. 
700 1 |a Zimper, Martin. 
776 0 8 |i Print version:  |a Lösel, Gunter  |t Filming, Researching, Annotating  |d Basel/Berlin/Boston : Walter de Gruyter GmbH,c2021 
797 2 |a ProQuest (Firm) 
856 4 0 |u https://ebookcentral.proquest.com/lib/matrademy/detail.action?docID=7015157  |z Click to View